21 श्रेष्ठ कहानियाँ: (Record no. 40590)

MARC details
000 -LEADER
fixed length control field 01225nam a22002657a 4500
005 - DATE AND TIME OF LATEST TRANSACTION
control field 20100810121110.0
010 ## - LCCN (DPL NO)
LC control number HIN-90247
020 ## - INTERNATIONAL STANDARD BOOK NUMBER
Terms of availability 95.00
International Standard Book Number 9788128825491
035 ## - SYSTEM CONTROL NUMBER
System control number HN-62593
037 ## - SOURCE OF ACQUISITION
Source of stock number/acquisition DBAD / PUB
082 ## - DEWEY DECIMAL CLASSIFICATION NUMBER
Classification number
100 ## - MAIN ENTRY--PERSONAL NAME
Personal name पूजाश्री
245 ## - TITLE STATEMENT
Title 21 श्रेष्ठ कहानियाँ:
Remainder of title पूजाश्री
Statement of responsibility, etc छदमवेश /
246 ## - VARYING FORM OF TITLE
Title proper/short title 21 Shreshtha Kahaniyan
Remainder of title by Poojashri
260 ## - PUBLICATION, DISTRIBUTION, ETC. (IMPRINT)
Place of publication, distribution, etc नई दिल्ली
Name of publisher, distributor, etc डायमंड पॉकेट बुक्स
Date of publication, distribution, etc 2010
270 ## - ADDRESS
Address एक्स-30, ओखला इंडस्ट्रियल एरिया, फेज-II
City नई दिल्ली
Postal code 110020
Telephone number 011-41611861, 40712100
Fax number 011-41611866
Electronic mail address sales@dpb.in
300 ## - PHYSICAL DESCRIPTION
Extent 101पृ
Dimensions 22सेमी (अजिल्द)
650 ## - SUBJECT ADDED ENTRY--TOPICAL TERM
Topical term following geographic name as entry element लघु कहानियाँ, हिन्दी
650 ## - SUBJECT ADDED ENTRY--TOPICAL TERM
Topical term following geographic name as entry element Short Stories, Hindi
700 ## - ADDED ENTRY--PERSONAL NAME
9 (RLIN) 7228
700 ## - ADDED ENTRY--PERSONAL NAME
9 (RLIN) 7267
700 ## - ADDED ENTRY--PERSONAL NAME
9 (RLIN) 7698
942 ## - ADDED ENTRY ELEMENTS (KOHA)
Institution code [OBSOLETE] dpl
Item type Hindi Books
Call number prefix
Source of classification or shelving scheme Dewey Decimal Classification
Call number suffix पूजाश्री
Classification part
Holdings
Withdrawn status Lost status Not for loan Collection code Home library Current library Date acquired Source of acquisition Cost, normal purchase price Full call number Barcode Copy number Cost, replacement price Koha item type
    Not For Loan Fiction D.B.Act.Division D.B.Act.Division 10/08/2010 DBAD / PUB 95.00 क पूजाश्री HN-62593 1 95.00 Hindi Books

© Delhi Public Library
Hit Counter
free hit counter